| 000 | 00577nam a22001817a 4500 | ||
|---|---|---|---|
| 003 | OSt | ||
| 005 | 20260312061933.0 | ||
| 008 | 251118b |||||||| |||| 00| 0 eng d | ||
| 020 | _a971-12-0237-9. | ||
| 040 |
_aDWC-Main lib _cOC |
||
| 082 | _aFil. 657.42 M479c 2000 | ||
| 100 | _aMejorada, N. | ||
| 245 |
_aCost accounting _cMejorada, Nenita D. |
||
| 260 |
_aQ.C.: _bGoodwill Trading Co., Inc. _c2000 |
||
| 300 |
_ax, 377 pages ; _c25 cm. |
||
| 650 | _2Cost Accounting. | ||
| 942 |
_2ddc _cBK-FIL _hFil. 657.42 M479c 2000 _e2nd edtion _kFil. _n0 |
||
| 999 |
_c5752 _d5752 |
||